[Event "Women's Baku Chess Olympiad"]
[Site "chess24.com"]
[Date "2016.09.03"]
[Round "2"]
[White "Roy, Ali"]
[Black "Wakuruwarewa, Colletta"]
[Result "1-0"]
[Board "1"]
[WhiteID "2400456"]
[WhiteElo "1894"]
[WhiteCountry "SCO"]
[WhiteFideId "2400456"]
[WhiteEloChange "5"]
[BlackID "11001305"]
[BlackElo "1716"]
[BlackCountry "ZIM"]
[BlackFideId "11001305"]
[BlackEloChange "-5"]

1. Nf3 {[%clk 1:30:56]} d5 {[%clk 1:30:47]} 2. g3 {[%clk 1:31:19]} Nf6 {[%clk
1:30:55]} 3. Bg2 {[%clk 1:31:45]} e6 {[%clk 1:30:57]} 4. O-O {[%clk 1:32:07]} Be7
{[%clk 1:31:03]} 5. d3 {[%clk 1:32:30]} O-O {[%clk 1:30:48]} 6. Nbd2 {[%clk
1:32:56]} c5 {[%clk 1:30:03]} 7. e4 {[%clk 1:32:48]} Nc6 {[%clk 1:29:25]} 8. e5
{[%clk 1:31:35]} Nd7 {[%clk 1:29:39]} 9. Re1 {[%clk 1:32:01]} Qc7 {[%clk
1:28:48]} 10. Qe2 {[%clk 1:32:26]} b6 {[%clk 1:28:01]} 11. Nf1 {[%clk 1:32:38]}
Ba6 {[%clk 1:26:18]} 12. h4 {[%clk 1:32:47]} Rac8 {[%clk 1:24:21]} 13. Bf4 {[%clk
1:32:49]} Rfd8 {[%clk 1:17:38]} 14. N1h2 {[%clk 1:32:45]} Qb7 {[%clk 1:13:14]}
15. Qd2 {[%clk 1:23:09]} Nd4 {[%clk 1:09:12]} 16. Nxd4 {[%clk 1:17:46]} cxd4
{[%clk 1:08:46]} 17. Nf3 {[%clk 1:18:04]} Qc7 {[%clk 1:07:11]} 18. Nxd4 {[%clk
1:17:22]} Bc5 {[%clk 1:05:46]} 19. Nf3 {[%clk 1:16:08]} Bxf2+ {[%clk 1:02:57]}
20. Qxf2 {[%clk 1:15:41]} Qxc2 {[%clk 1:03:14]} 21. Rac1 {[%clk 1:11:20]} Qxf2+
{[%clk 1:02:48]} 22. Kxf2 {[%clk 1:11:46]} Bxd3 {[%clk 1:02:52]} 23. Bf1 {[%clk
1:08:04]} Bxf1 {[%clk 1:01:47]} 24. Kxf1 {[%clk 1:04:34]} Nc5 {[%clk 0:59:07]}
25. Red1 {[%clk 0:59:01]} f6 {[%clk 0:54:33]} 26. Nd4 {[%clk 0:56:20]} fxe5
{[%clk 0:49:43]} 27. Bxe5 {[%clk 0:56:34]} Rf8+ {[%clk 0:49:51]} 28. Kg1 {[%clk
0:54:54]} Rfe8 {[%clk 0:49:30]} 29. Nb5 {[%clk 0:32:09]} Nd7 {[%clk 0:35:46]} 30.
Nd6 {[%clk 0:16:14]} Rxc1 {[%clk 0:34:57]} 31. Rxc1 {[%clk 0:16:42]} Rf8 {[%clk
0:34:56]} 32. Bxg7 {[%clk 0:13:33]} Kxg7 {[%clk 0:34:57]} 33. Rc7 {[%clk
0:14:00]} Kf6 {[%clk 0:32:36]} 34. Rxd7 {[%clk 0:14:18]} Ke5 {[%clk 0:31:45]} 35.
Nf7+ {[%clk 0:09:15]} Kd4 {[%clk 0:29:22]} 36. Re7 {[%clk 0:06:41]} Rc8 {[%clk
0:25:06]} 37. Rxe6 {[%clk 0:03:37]} Rc2 {[%clk 0:24:51]} 38. Kf1 {[%clk 0:02:28]}
Rxb2 {[%clk 0:24:55]} 39. Re2 {[%clk 0:02:45]} Kc3 {[%clk 0:54:55]} 40. Rxb2
{[%clk 0:32:21]} Kxb2 {[%clk 0:55:23]} 41. g4 {[%clk 0:23:35]} Kxa2 {[%clk
0:54:46]} 42. g5 {[%clk 0:23:54]} d4 {[%clk 0:55:13]} 43. Ke2 {[%clk 0:24:11]}
Kb3 {[%clk 0:55:41]} 44. h5 {[%clk 0:24:17]} a5 {[%clk 0:55:02]} 45. g6 {[%clk
0:24:43]} Kc2 {[%clk 0:44:15]} 46. Ne5 {[%clk 0:24:17]} a4 {[%clk 0:43:00]} 47.
g7 {[%clk 0:24:41]} a3 {[%clk 0:43:25]} 48. g8Q {[%clk 0:25:06]} d3+ {[%clk
0:43:48]} 49. Nxd3 {[%clk 0:25:27]} 1-0

[Event "Women's Baku Chess Olympiad"]
[Site "chess24.com"]
[Date "2016.09.03"]
[Round "2"]
[White "Zengeni, Tatenda Melisa"]
[Black "Durno, Joy"]
[Result "0-1"]
[Board "2"]
[WhiteID "11001313"]
[WhiteElo "1649"]
[WhiteCountry "ZIM"]
[WhiteFideId "11001313"]
[WhiteEloChange "-4"]
[BlackID "2403501"]
[BlackElo "1894"]
[BlackTitle "WFM"]
[BlackCountry "SCO"]
[BlackFideId "2403501"]
[BlackEloChange "4"]

1. d4 {[%clk 1:30:54]} Nf6 {[%clk 1:30:53]} 2. Nf3 {[%clk 1:31:15]} g6 {[%clk
1:31:17]} 3. e3 {[%clk 1:31:09]} Bg7 {[%clk 1:31:30]} 4. Be2 {[%clk 1:31:20]} O-O
{[%clk 1:31:39]} 5. O-O {[%clk 1:31:29]} d6 {[%clk 1:30:16]} 6. b3 {[%clk
1:30:38]} Nbd7 {[%clk 1:26:38]} 7. Bb2 {[%clk 1:30:15]} e5 {[%clk 1:22:10]} 8.
dxe5 {[%clk 1:28:07]} Ng4 {[%clk 1:22:32]} 9. Nbd2 {[%clk 1:18:12]} Ngxe5 {[%clk
1:22:33]} 10. Rb1 {[%clk 1:12:28]} Re8 {[%clk 1:09:06]} 11. Nxe5 {[%clk 1:05:05]}
dxe5 {[%clk 1:03:01]} 12. Ne4 {[%clk 1:02:44]} Qe7 {[%clk 1:01:37]} 13. Qd2
{[%clk 0:51:05]} Nb6 {[%clk 1:00:37]} 14. Rfd1 {[%clk 0:49:50]} Be6 {[%clk
0:58:24]} 15. c4 {[%clk 0:43:28]} f5 {[%clk 0:55:09]} 16. Ng3 {[%clk 0:41:44]} a5
{[%clk 0:43:54]} 17. a4 {[%clk 0:39:30]} Nd7 {[%clk 0:43:11]} 18. Qc2 {[%clk
0:33:10]} b6 {[%clk 0:31:09]} 19. Rd2 {[%clk 0:31:54]} Rad8 {[%clk 0:29:06]} 20.
Rbd1 {[%clk 0:31:33]} Nc5 {[%clk 0:28:53]} 21. Ba3 {[%clk 0:28:02]} Rxd2 {[%clk
0:28:46]} 22. Rxd2 {[%clk 0:27:46]} Bf8 {[%clk 0:22:55]} 23. Qd1 {[%clk 0:24:51]}
Qg5 {[%clk 0:17:31]} 24. Bf1 {[%clk 0:12:51]} f4 {[%clk 0:12:40]} 25. Bxc5 {[%clk
0:10:33]} fxg3 {[%clk 0:12:30]} 26. Bxf8 {[%clk 0:10:36]} gxf2+ {[%clk 0:09:47]}
27. Rxf2 {[%clk 0:09:08]} Rxf8 {[%clk 0:10:05]} 28. Rxf8+ {[%clk 0:09:11]} Kxf8
{[%clk 0:10:33]} 29. Qf3+ {[%clk 0:08:28]} Kg7 {[%clk 0:08:50]} 30. Bd3 {[%clk
0:06:22]} Qe7 {[%clk 0:05:25]} 31. Qd1 {[%clk 0:02:53]} Qc5 {[%clk 0:04:45]} 32.
Kf2 {[%clk 0:03:00]} Qb4 {[%clk 0:04:42]} 33. Qc2 {[%clk 0:02:56]} Qd6 {[%clk
0:03:48]} 34. g3 {[%clk 0:02:49]} Bh3 {[%clk 0:03:45]} 35. Kg1 {[%clk 0:01:21]}
Qb4 {[%clk 0:02:36]} 36. Kf2 {[%clk 0:00:40]} Qf8+ {[%clk 0:02:42]} 37. Kg1
{[%clk 0:01:07]} Qf6 {[%clk 0:00:57]} 38. Qf2 {[%clk 0:01:29]} Qd6 {[%clk
0:01:03]} 39. Qc2 {[%clk 0:00:42]} Qa3 {[%clk 0:00:48]} 40. Kf2 {[%clk 0:30:41]}
Qf8+ {[%clk 0:30:37]} 41. Kg1 {[%clk 0:30:51]} Bg4 {[%clk 0:24:20]} 42. Be4
{[%clk 0:26:48]} Qd6 {[%clk 0:23:24]} 43. Bd3 {[%clk 0:22:27]} Bf3 {[%clk
0:21:23]} 44. Be2 {[%clk 0:20:34]} Bb7 {[%clk 0:20:47]} 45. Bf1 {[%clk 0:18:13]}
Qc5 {[%clk 0:18:55]} 46. Qd2 {[%clk 0:17:33]} Qe7 {[%clk 0:16:45]} 47. Bg2 {[%clk
0:16:43]} Bc8 {[%clk 0:16:13]} 48. Qd5 {[%clk 0:15:13]} Bf5 {[%clk 0:16:06]} 49.
Be4 {[%clk 0:14:37]} Qd6 {[%clk 0:15:22]} 50. Bxf5 {[%clk 0:12:38]} Qxd5 {[%clk
0:13:58]} 51. cxd5 {[%clk 0:12:55]} gxf5 {[%clk 0:14:18]} 52. Kf2 {[%clk
0:11:51]} e4 {[%clk 0:13:56]} 53. g4 {[%clk 0:10:07]} fxg4 {[%clk 0:06:46]} 54.
Kg3 {[%clk 0:10:36]} Kf6 {[%clk 0:05:54]} 55. Kxg4 {[%clk 0:07:48]} Ke5 {[%clk
0:06:14]} 56. h4 {[%clk 0:07:49]} Kxd5 {[%clk 0:06:28]} 57. Kf5 {[%clk 0:07:52]}
c6 {[%clk 0:06:22]} 58. h5 {[%clk 0:08:01]} b5 {[%clk 0:06:07]} 59. Kf6 {[%clk
0:06:13]} bxa4 {[%clk 0:06:31]} 60. bxa4 {[%clk 0:06:42]} c5 {[%clk 0:06:55]} 61.
Kg7 {[%clk 0:07:04]} c4 {[%clk 0:07:03]} 62. Kxh7 {[%clk 0:07:25]} c3 {[%clk
0:07:22]} 63. h6 {[%clk 0:07:49]} c2 {[%clk 0:07:43]} 64. Kg7 {[%clk 0:07:40]}
c1Q {[%clk 0:08:07]} 65. h7 {[%clk 0:08:02]} Kc4 {[%clk 0:07:30]} 66. h8Q {[%clk
0:08:12]} Qa1+ {[%clk 0:07:53]} 67. Kg8 {[%clk 0:08:15]} Qxh8+ {[%clk 0:08:17]}
68. Kxh8 {[%clk 0:08:38]} Kd3 {[%clk 0:08:17]} 0-1

[Event "Women's Baku Chess Olympiad"]
[Site "chess24.com"]
[Date "2016.09.03"]
[Round "2"]
[White "Salim-Moussa, Seydi"]
[Black "Musaeva, Shakhnazi"]
[Result "0-1"]
[Board "4"]
[WhiteID "7500440"]
[WhiteElo "1668"]
[WhiteTitle "WCM"]
[WhiteCountry "AHO"]
[WhiteFideId "7500440"]
[WhiteEloChange "-12"]
[BlackID "13801643"]
[BlackElo "1611"]
[BlackCountry "KGZ"]
[BlackFideId "13801643"]
[BlackEloChange "12"]

1. e4 {[%clk 1:30:52]} c5 {[%clk 1:30:45]} 2. Nf3 {[%clk 1:31:16]} d6 {[%clk
1:31:01]} 3. h3 {[%clk 1:31:25]} Nf6 {[%clk 1:31:20]} 4. Nc3 {[%clk 1:31:45]} e6
{[%clk 1:30:55]} 5. d4 {[%clk 1:31:49]} cxd4 {[%clk 1:31:12]} 6. Nxd4 {[%clk
1:32:10]} a6 {[%clk 1:31:22]} 7. Be3 {[%clk 1:32:14]} Be7 {[%clk 1:30:08]} 8. Be2
{[%clk 1:31:40]} b5 {[%clk 1:29:11]} 9. a3 {[%clk 1:30:28]} Bb7 {[%clk 1:28:40]}
10. Qd3 {[%clk 1:27:23]} Nbd7 {[%clk 1:28:06]} 11. Nf3 {[%clk 1:10:26]} Qc7
{[%clk 1:25:38]} 12. O-O {[%clk 1:05:59]} O-O {[%clk 1:23:57]} 13. Rad1 {[%clk
1:00:25]} Rfd8 {[%clk 1:19:49]} 14. Nh2 {[%clk 0:43:15]} Nc5 {[%clk 1:10:21]} 15.
Bxc5 {[%clk 0:36:55]} dxc5 {[%clk 1:07:57]} 16. Qe3 {[%clk 0:34:13]} c4 {[%clk
1:06:39]} 17. Bf3 {[%clk 0:31:38]} Bc5 {[%clk 1:05:24]} 18. Qg5 {[%clk 0:21:06]}
h6 {[%clk 1:03:04]} 19. Qh4 {[%clk 0:19:48]} Be7 {[%clk 1:01:01]} 20. Qg3 {[%clk
0:18:55]} Qxg3 {[%clk 0:49:59]} 21. fxg3 {[%clk 0:19:20]} Bc5+ {[%clk 0:49:51]}
22. Kh1 {[%clk 0:19:07]} Bd4 {[%clk 0:45:37]} 23. e5 {[%clk 0:14:08]} Bxf3 {[%clk
0:42:49]} 24. Nxf3 {[%clk 0:14:13]} Bxc3 {[%clk 0:42:50]} 25. exf6 {[%clk
0:12:17]} Bxf6 {[%clk 0:42:05]} 26. c3 {[%clk 0:12:06]} a5 {[%clk 0:37:40]} 27.
Nd4 {[%clk 0:09:59]} b4 {[%clk 0:36:34]} 28. axb4 {[%clk 0:08:51]} axb4 {[%clk
0:36:58]} 29. Nc6 {[%clk 0:06:27]} Rxd1 {[%clk 0:37:13]} 30. Rxd1 {[%clk
0:06:24]} bxc3 {[%clk 0:37:33]} 31. bxc3 {[%clk 0:04:36]} Bxc3 {[%clk 0:35:47]}
32. Rc1 {[%clk 0:04:43]} Ra1 {[%clk 0:36:09]} 33. Rxa1 {[%clk 0:03:29]} Bxa1
{[%clk 0:36:24]} 34. Nb4 {[%clk 0:03:53]} f5 {[%clk 0:36:24]} 35. Kg1 {[%clk
0:03:43]} Kf7 {[%clk 0:36:03]} 36. Kf2 {[%clk 0:03:54]} Kf6 {[%clk 0:35:46]} 37.
Ke3 {[%clk 0:03:04]} Be5 {[%clk 0:35:20]} 38. g4 {[%clk 0:01:27]} fxg4 {[%clk
0:35:21]} 39. hxg4 {[%clk 0:01:29]} Kg5 {[%clk 0:34:16]} 40. Kf3 {[%clk 0:01:07]}
c3 {[%clk 0:33:07]} 41. Nc2 {[%clk 0:01:02]} Bd6 {[%clk 0:32:42]} 42. Ne3 {[%clk
0:00:34]} Bc5 {[%clk 0:32:47]} 43. Nc2 {[%clk 0:00:43]} g6 {[%clk 0:32:43]} 44.
Ne1 {[%clk 0:00:31]} e5 {[%clk 0:32:23]} 45. Kg3 {[%clk 0:23:38]} e4 {[%clk
1:02:28]} 46. Nc2 {[%clk 0:23:33]} Bd6+ {[%clk 1:02:00]} 47. Kf2 {[%clk 0:21:35]}
Kxg4 {[%clk 1:01:31]} 48. Ke3 {[%clk 0:21:24]} Kf5 {[%clk 1:01:06]} 49. Nd4+
{[%clk 0:18:52]} Ke5 {[%clk 1:01:11]} 50. Nc2 {[%clk 0:18:48]} Bc5+ {[%clk
1:01:29]} 51. Ke2 {[%clk 0:18:59]} Kf4 {[%clk 1:01:44]} 52. Kf1 {[%clk 0:16:00]}
Kg3 {[%clk 1:01:22]} 53. Ne1 {[%clk 0:15:37]} h5 {[%clk 1:01:00]} 54. Nc2 {[%clk
0:12:58]} g5 {[%clk 1:01:16]} 55. Ne1 {[%clk 0:12:37]} h4 {[%clk 1:01:29]} 56.
Nc2 {[%clk 0:12:07]} g4 {[%clk 1:01:28]} 57. Ne1 {[%clk 0:10:31]} h3 {[%clk
1:01:36]} 58. gxh3 {[%clk 0:09:08]} gxh3 {[%clk 1:01:47]} 59. Ke2 {[%clk
0:07:54]} h2 {[%clk 1:02:02]} 60. Kd1 {[%clk 0:06:58]} h1Q {[%clk 1:02:13]} 61.
Kc2 {[%clk 0:06:42]} Qxe1 {[%clk 1:02:23]} 62. Kb3 {[%clk 0:06:56]} Qb1+ {[%clk
1:01:53]} 63. Kc4 {[%clk 0:07:03]} c2 {[%clk 1:01:17]} 64. Kd5 {[%clk 0:07:04]}
c1Q {[%clk 1:01:32]} 65. Ke6 {[%clk 0:07:11]} Qb6+ {[%clk 1:01:37]} 66. Ke5
{[%clk 0:07:19]} Qc3+ {[%clk 1:01:12]} 67. Kf5 {[%clk 0:07:32]} Qbf6+ {[%clk
1:01:35]} 68. Kxe4 {[%clk 0:07:44]} Qfe5# {[%clk 1:02:02]} 0-1

[Event "Women's Baku Chess Olympiad"]
[Site "chess24.com"]
[Date "2016.09.03"]
[Round "2"]
[White "Nkhoma Desiderata"]
[Black "Shabanaj, Eglantina"]
[Result "0-1"]
[Board "1"]
[WhiteID "20500327"]
[WhiteElo "1375"]
[WhiteCountry "MAW"]
[WhiteFideId "20500327"]
[WhiteEloChange "-2"]
[BlackID "4700562"]
[BlackElo "1932"]
[BlackTitle "WCM"]
[BlackCountry "ALB"]
[BlackFideId "4700562"]
[BlackEloChange "2"]

1. e4 {[%clk 1:30:50]} e6 {[%clk 1:30:52]} 2. Nf3 {[%clk 1:30:34]} d5 {[%clk
1:30:28]} 3. exd5 {[%clk 1:29:57]} exd5 {[%clk 1:30:12]} 4. d4 {[%clk 1:29:46]}
Nf6 {[%clk 1:30:15]} 5. Bd3 {[%clk 1:29:35]} Bg4 {[%clk 1:27:30]} 6. O-O {[%clk
1:28:21]} Be7 {[%clk 1:27:27]} 7. h3 {[%clk 1:24:57]} Bh5 {[%clk 1:25:54]} 8. Bf4
{[%clk 1:24:43]} O-O {[%clk 1:24:29]} 9. Nbd2 {[%clk 1:24:20]} Bg6 {[%clk
1:13:42]} 10. Ne5 {[%clk 1:18:25]} Bxd3 {[%clk 1:13:21]} 11. Nxd3 {[%clk
1:18:21]} Nbd7 {[%clk 1:09:41]} 12. Qf3 {[%clk 1:17:53]} b6 {[%clk 1:03:08]} 13.
Rae1 {[%clk 1:16:19]} Rc8 {[%clk 1:01:37]} 14. Nb3 {[%clk 1:15:21]} c5 {[%clk
1:01:04]} 15. dxc5 {[%clk 1:14:16]} bxc5 {[%clk 1:01:07]} 16. Ne5 {[%clk
1:13:24]} Ne4 {[%clk 0:54:37]} 17. Qg4 {[%clk 1:07:49]} Ndf6 {[%clk 0:48:43]} 18.
Qe2 {[%clk 1:03:25]} Re8 {[%clk 0:43:59]} 19. Ng4 {[%clk 1:03:03]} Qb6 {[%clk
0:39:19]} 20. Nxf6+ {[%clk 1:00:04]} Nxf6 {[%clk 0:33:37]} 21. Qf3 {[%clk
0:55:52]} Bd6 {[%clk 0:31:51]} 22. Bxd6 {[%clk 0:50:26]} Qxd6 {[%clk 0:31:58]}
23. Re2 {[%clk 0:50:23]} Rxe2 {[%clk 0:30:43]} 24. Qxe2 {[%clk 0:51:09]} Re8
{[%clk 0:30:53]} 25. Qb5 {[%clk 0:51:11]} c4 {[%clk 0:27:36]} 26. Nd4 {[%clk
0:49:30]} Rb8 {[%clk 0:21:58]} 27. Qa5 {[%clk 0:45:44]} a6 {[%clk 0:18:42]} 28.
b3 {[%clk 0:37:40]} Qb6 {[%clk 0:15:01]} 29. Qc3 {[%clk 0:37:16]} Ne4 {[%clk
0:12:22]} 30. Qe3 {[%clk 0:33:20]} Re8 {[%clk 0:11:34]} 31. f3 {[%clk 0:31:07]}
Nd6 {[%clk 0:11:29]} 32. Qf4 {[%clk 0:30:07]} Nb5 {[%clk 0:11:11]} 33. Rd1 {[%clk
0:29:01]} Nc3 {[%clk 0:11:03]} 34. Rd2 {[%clk 0:26:17]} Ne2+ {[%clk 0:11:21]} 35.
Rxe2 {[%clk 0:26:30]} Rxe2 {[%clk 0:11:49]} 36. Kh2 {[%clk 0:26:14]} Re8 {[%clk
0:11:11]} 37. Nf5 {[%clk 0:26:12]} Qf6 {[%clk 0:09:20]} 38. bxc4 {[%clk 0:18:11]}
dxc4 {[%clk 0:09:40]} 39. Qg4 {[%clk 0:47:38]} h6 {[%clk 0:39:42]} 40. Ng3 {[%clk
0:36:23]} c3 {[%clk 0:38:39]} 41. Qc4 {[%clk 0:33:43]} Rd8 {[%clk 0:34:27]} 42.
Ne4 {[%clk 0:32:35]} Qf4+ {[%clk 0:33:15]} 43. Kg1 {[%clk 0:27:26]} Qc1+ {[%clk
0:33:24]} 44. Kh2 {[%clk 0:27:30]} Qxc2 {[%clk 0:33:43]} 45. Nxc3 {[%clk
0:26:53]} Rd2 {[%clk 0:32:50]} 46. Kg3 {[%clk 0:20:59]} g5 {[%clk 0:32:04]} 47.
Qf1 {[%clk 0:15:46]} Qxc3 {[%clk 0:32:18]} 48. Kh2 {[%clk 0:14:12]} Qe5+ {[%clk
0:32:33]} 49. Kh1 {[%clk 0:13:10]} Rxa2 {[%clk 0:32:56]} 50. Qd1 {[%clk 0:11:31]}
Ra1 {[%clk 0:33:06]} 51. Qxa1 {[%clk 0:11:38]} Qxa1+ {[%clk 0:33:28]} 52. Kh2
{[%clk 0:11:45]} Qe5+ {[%clk 0:33:49]} 53. Kg1 {[%clk 0:11:46]} a5 {[%clk
0:34:13]} 54. Kf2 {[%clk 0:11:38]} a4 {[%clk 0:34:36]} 55. Kg1 {[%clk 0:11:45]}
a3 {[%clk 0:34:58]} 56. h4 {[%clk 0:11:49]} a2 {[%clk 0:35:24]} 57. hxg5 {[%clk
0:11:49]} a1Q+ {[%clk 0:35:24]} 0-1

[Event "Women's Baku Chess Olympiad"]
[Site "chess24.com"]
[Date "2016.09.03"]
[Round "2"]
[White "Almanzar Vasquez, Jennifer Maria"]
[Black "Ashley, Christiana Naa Merley"]
[Result "1-0"]
[Board "3"]
[WhiteID "6406505"]
[WhiteElo "1768"]
[WhiteCountry "DOM"]
[WhiteFideId "6406505"]
[WhiteEloChange "2"]
[BlackID "12600474"]
[BlackElo "1390"]
[BlackCountry "GHA"]
[BlackFideId "12600474"]
[BlackEloChange "-2"]

1. e4 {[%clk 1:30:51]} e5 {[%clk 1:30:29]} 2. Nf3 {[%clk 1:31:15]} Nf6 {[%clk
1:30:48]} 3. Bc4 {[%clk 1:31:12]} Nxe4 {[%clk 1:24:27]} 4. Qe2 {[%clk 1:26:18]}
d5 {[%clk 1:23:29]} 5. d3 {[%clk 1:21:22]} Be6 {[%clk 1:11:30]} 6. dxe4 {[%clk
1:16:38]} dxc4 {[%clk 1:10:54]} 7. Nxe5 {[%clk 1:15:59]} Qd4 {[%clk 1:11:02]} 8.
Nf3 {[%clk 1:15:56]} Qb6 {[%clk 1:10:04]} 9. O-O {[%clk 1:15:43]} Bg4 {[%clk
1:09:54]} 10. Nbd2 {[%clk 1:15:06]} Qf6 {[%clk 1:09:20]} 11. Qxc4 {[%clk
1:15:10]} c6 {[%clk 1:08:37]} 12. Re1 {[%clk 1:10:57]} Nd7 {[%clk 1:08:26]} 13.
e5 {[%clk 1:08:48]} Qe6 {[%clk 1:07:05]} 14. Qxe6+ {[%clk 1:03:51]} Bxe6 {[%clk
1:06:46]} 15. Ng5 {[%clk 1:01:02]} Bf5 {[%clk 1:06:42]} 16. e6 {[%clk 0:59:58]}
fxe6 {[%clk 1:06:01]} 17. Nxe6 {[%clk 1:00:12]} Bxe6 {[%clk 1:05:29]} 18. Rxe6+
{[%clk 1:00:40]} Kf7 {[%clk 1:05:00]} 19. Re1 {[%clk 1:00:35]} Bd6 {[%clk
1:04:56]} 20. Nc4 {[%clk 1:00:20]} Bc5 {[%clk 1:04:25]} 21. Bf4 {[%clk 0:58:25]}
b5 {[%clk 0:59:46]} 22. Nd6+ {[%clk 0:53:35]} Bxd6 {[%clk 0:57:59]} 23. Bxd6
{[%clk 0:53:58]} Rae8 {[%clk 0:58:10]} 24. Kf1 {[%clk 0:53:49]} Re6 {[%clk
0:58:24]} 25. Rxe6 {[%clk 0:53:49]} Kxe6 {[%clk 0:58:44]} 26. Bg3 {[%clk
0:54:01]} Nc5 {[%clk 0:58:44]} 27. Rd1 {[%clk 0:54:01]} a5 {[%clk 0:54:00]} 28.
Rd6+ {[%clk 0:53:59]} Kf5 {[%clk 0:53:41]} 29. Rxc6 {[%clk 0:54:19]} Na4 {[%clk
0:52:32]} 30. b3 {[%clk 0:54:28]} Nb2 {[%clk 0:51:58]} 31. Rc5+ {[%clk 0:54:06]}
Ke6 {[%clk 0:52:11]} 32. Rxb5 {[%clk 0:54:27]} Ra8 {[%clk 0:52:11]} 33. Be5
{[%clk 0:53:59]} Nd1 {[%clk 0:51:15]} 34. Ke1 {[%clk 0:53:54]} a4 {[%clk
0:49:55]} 35. Kxd1 {[%clk 0:53:54]} Rd8+ {[%clk 0:50:13]} 36. Ke2 {[%clk
0:53:51]} axb3 {[%clk 0:48:50]} 37. axb3 {[%clk 0:54:14]} g6 {[%clk 0:49:08]} 38.
Bb2 {[%clk 0:54:15]} Ra8 {[%clk 0:49:28]} 39. Bd4 {[%clk 0:53:01]} Kd6 {[%clk
0:49:29]} 40. Kd3 {[%clk 0:52:24]} Kc6 {[%clk 0:49:23]} 41. c4 {[%clk 1:22:19]}
h5 {[%clk 1:19:08]} 42. Rb6+ {[%clk 1:22:40]} Kd7 {[%clk 1:18:56]} 43. Rxg6
{[%clk 1:23:02]} Ra3 {[%clk 1:19:15]} 44. Kc3 {[%clk 1:23:29]} Ra5 {[%clk
1:18:40]} 45. c5 {[%clk 1:23:32]} Rb5 {[%clk 1:18:31]} 46. Kc4 {[%clk 1:23:46]}
Ra5 {[%clk 1:18:37]} 47. b4 {[%clk 1:24:02]} Ra2 {[%clk 1:18:42]} 48. b5 {[%clk
1:23:42]} Ke7 {[%clk 1:17:50]} 49. b6 {[%clk 1:23:49]} Ra4+ {[%clk 1:16:45]} 50.
Kd5 {[%clk 1:23:59]} Rb4 {[%clk 1:16:56]} 51. Rg7+ {[%clk 1:23:12]} Kd8 {[%clk
1:16:56]} 52. b7 {[%clk 1:23:11]} Rb5 {[%clk 1:15:56]} 53. b8Q+ {[%clk 1:23:11]}
Rxb8 {[%clk 1:15:56]} 54. Rg8+ {[%clk 1:23:23]} Kc7 {[%clk 1:16:05]} 55. Be5+
{[%clk 1:23:51]} Kb7 {[%clk 1:16:05]} 56. Rxb8+ {[%clk 1:23:51]} Ka7 {[%clk
1:15:59]} 57. c6 {[%clk 1:24:10]} h4 {[%clk 1:15:59]} 58. c7 {[%clk 1:24:10]} h3
{[%clk 1:15:48]} 59. gxh3 {[%clk 1:24:34]} Ka6 {[%clk 1:15:48]} 60. c8Q+ {[%clk
1:24:34]} Ka5 {[%clk 1:15:00]} 61. Kc4 {[%clk 1:24:57]} Ka4 {[%clk 1:15:20]} 62.
Ra8# {[%clk 1:24:57]} 1-0

[Event "Women's Baku Chess Olympiad"]
[Site "chess24.com"]
[Date "2016.09.03"]
[Round "2"]
[White "Vega Jimenez, Keyshla M."]
[Black "Prasad, Tanvi"]
[Result "1-0"]
[Board "4"]
[WhiteID "3101851"]
[WhiteElo "1641"]
[WhiteTitle "WCM"]
[WhiteCountry "PUR"]
[WhiteFideId "3101851"]
[WhiteEloChange "3"]
[BlackID "11401117"]
[BlackElo "1339"]
[BlackCountry "FIJ"]
[BlackFideId "11401117"]
[BlackEloChange "-3"]

1. e4 {[%clk 1:30:55]} e5 {[%clk 1:30:52]} 2. Nf3 {[%clk 1:31:16]} Nc6 {[%clk
1:31:03]} 3. d4 {[%clk 1:31:33]} exd4 {[%clk 1:30:30]} 4. Nxd4 {[%clk 1:31:57]}
Nf6 {[%clk 1:29:49]} 5. Nc3 {[%clk 1:32:08]} g6 {[%clk 1:28:49]} 6. Nxc6 {[%clk
1:30:38]} bxc6 {[%clk 1:29:03]} 7. Bg5 {[%clk 1:30:49]} Be7 {[%clk 1:25:18]} 8.
Bd3 {[%clk 1:27:25]} h6 {[%clk 1:22:54]} 9. Be3 {[%clk 1:25:25]} d5 {[%clk
1:21:11]} 10. exd5 {[%clk 1:17:44]} cxd5 {[%clk 1:21:22]} 11. h3 {[%clk 1:14:27]}
d4 {[%clk 1:20:32]} 12. Bxd4 {[%clk 1:14:35]} Qxd4 {[%clk 1:20:29]} 13. Bb5+
{[%clk 1:14:49]} Bd7 {[%clk 1:19:11]} 14. Qxd4 {[%clk 1:15:11]} Bxb5 {[%clk
1:18:55]} 15. Nxb5 {[%clk 1:15:21]} O-O {[%clk 1:17:24]} 16. O-O {[%clk 1:13:49]}
Rad8 {[%clk 1:17:03]} 17. Qe3 {[%clk 1:13:58]} Bd6 {[%clk 1:15:50]} 18. Nxd6
{[%clk 1:13:52]} cxd6 {[%clk 1:13:18]} 19. Qxh6 {[%clk 1:14:00]} Nh7 {[%clk
1:12:08]} 20. f4 {[%clk 1:13:56]} f5 {[%clk 1:10:56]} 21. Qxg6+ {[%clk 1:13:14]}
Kh8 {[%clk 1:10:50]} 22. Rae1 {[%clk 1:12:37]} Rg8 {[%clk 1:10:16]} 23. Qxf5
{[%clk 1:12:22]} Rdf8 {[%clk 1:07:35]} 24. Qh5 {[%clk 1:11:38]} a6 {[%clk
1:07:12]} 25. Re7 {[%clk 1:11:50]} Rg7 {[%clk 1:07:17]} 26. Rxg7 {[%clk 1:12:01]}
Kxg7 {[%clk 1:07:31]} 27. f5 {[%clk 1:11:37]} Kg8 {[%clk 1:06:32]} 28. Rf4 {[%clk
1:11:06]} Rf7 {[%clk 1:06:18]} 29. Qg6+ {[%clk 1:08:28]} Rg7 {[%clk 1:05:56]} 30.
Qe8+ {[%clk 1:08:37]} Nf8 {[%clk 1:05:52]} 31. f6 {[%clk 1:08:50]} Rg5 {[%clk
1:05:33]} 32. Rg4 {[%clk 1:08:50]} Rxg4 {[%clk 1:05:44]} 33. hxg4 {[%clk
1:09:15]} a5 {[%clk 1:05:42]} 34. g5 {[%clk 1:09:33]} d5 {[%clk 1:05:20]} 35. g6
{[%clk 1:09:53]} a4 {[%clk 1:05:08]} 36. g7 {[%clk 1:10:18]} a3 {[%clk 1:05:08]}
37. gxf8Q+ {[%clk 1:10:18]} Kh7 {[%clk 1:04:25]} 38. Qh5# {[%clk 1:10:42]} 1-0